Na darčeky budeme (musieť) míňať uvážlivo
Na Vianoce si spotrebiteľ kladie otázku, či si na nákup darčekov požičia alebo ho bude financovať z vlastného vrecka. Odborníci varujú pred zbytočným zadlžovaním sa.
Gespeichert in:
| Format: | Buchkapitel |
|---|---|
| Sprache: | Slowakisch |
| Schlagworte: | |
| Tags: |
Keine Tags, Fügen Sie das erste Tag hinzu!
|
MARC
| LEADER | 00000naa a2200000 4500 | ||
|---|---|---|---|
| 001 | 0305228 | ||
| 005 | 20241121100328.7 | ||
| 041 | 0 | |a slo | |
| 044 | |a SK | ||
| 245 | 1 | 0 | |a Na darčeky budeme (musieť) míňať uvážlivo |
| 520 | |a Na Vianoce si spotrebiteľ kladie otázku, či si na nákup darčekov požičia alebo ho bude financovať z vlastného vrecka. Odborníci varujú pred zbytočným zadlžovaním sa. | ||
| 610 | 2 | 0 | |a sviatok štátny |
| 610 | 2 | 0 | |a výdavky |
| 610 | 2 | 0 | |a financovanie |
| 610 | 2 | 0 | |a úspory finančné |
| 610 | 2 | 0 | |a úver |